000 00562nam a2200217Ia 4500
003 OSt
005 20220928144456.0
006 a|||||r|||| 00| 0
007 ta
008 220927b |||||||| |||| 00| 0 eng d
024 _a71044
037 _cTextual
040 _aSDCL
_cSDCL
_beng
041 _2eng
_aeng
082 _aV247,21y7N37, M5
100 _aAbdullah Farooq
_9507802
245 0 _aMy dismissal; as told to Sati Sahni.
260 _c1985
942 _hV247,21y7N37, M5
_cTEXL
_2CC
999 _c827324
_d827324